clubs ayant joué en phase de poule de la LDC (2010-2022) - Statistiques

Statistiques générales
  • Ce quiz a été pris 1 021 fois
  • Le résultat moyen est 57 sur 97
Statistiques - réponses
ligue des champions pays % Correct
Bayer Leverkusen allemagne
97%
Borussia Dortmund allemagne
97%
Olympique Lyonnais france
97%
Oympique de Marseille france
97%
Paris Saint-Germain france
97%
Real Madrid espagne
94%
FC Barcelone espagne
93%
Manchester City angleterre
92%
Manchester United angleterre
92%
Bayern Munich allemagne
91%
Inter Milan italie
91%
LOSC Lille france
91%
Milan AC italie
91%
Juventus italie
90%
AJ Auxerre france
89%
Atletico Madrid espagne
89%
Liverpool angleterre
89%
AS Monaco france
88%
Chelsea angleterre
88%
Benfica portugal
87%
Porto portugal
87%
Arsenal angleterre
86%
Ajax Amsterdam pays-bas
85%
Sporting Lisbonne portugal
84%
FC Séville espagne
83%
PSV Eindhoven pays-bas
81%
Tottenham angleterre
81%
AS Roma italie
80%
Naples italie
79%
RB Leipzig allemagne
79%
Stade Rennais france
78%
Celtic Glasgow écosse
76%
Lazio Rome italie
75%
Valence CF espagne
73%
Rangers écosse
72%
Club Bruges Belgique
71%
Dynamo Kiev Ukraine
69%
Lokomotiv Moscou Russie
69%
Villareal espagne
69%
CSKA Moscou Russie
68%
Galatasaray Turquie
68%
Leicester angleterre
68%
Schalke 04 allemagne
67%
Feyenoord Rotterdam pays-bas
66%
Atalanta Bergame italie
64%
Montpellier HSC france
63%
Spartak Moscou Russie
63%
Sporting Braga portugal
63%
VFL Wolfsburg allemagne
62%
Dinamo Zagreb Croatie
61%
RSC Anderlecht Belgique
60%
Shakhtar Donetsk Ukraine
60%
Étoile rouge de Belgrade Serbie
57%
RB Salzbourg autriche
54%
Beşiktaş JK Turquie
53%
FC Copenhague Danemark
53%
Young Boys Suisse
53%
Zénith Russie
53%
Olympiakos Grèce
52%
AEK Athènes Grèce
51%
FC Bâle Suisse
51%
Real Sociedad espagne
51%
Slavia Prague Rép. tchèque
50%
Austria Vienne autriche
49%
Maccabi Tel-Aviv Israël
49%
Steaua Bucarest Roumanie
47%
Malmö FF Suède
45%
APOEL Nicosie Chypre
43%
Partizan Belgrade Serbie
43%
Legia Varsovie Pologne
42%
İstanbul Başakşehir Turquie
41%
Borussia Mönchengladbach allemagne
40%
KRC Genk Belgique
39%
Werder Brême allemagne
39%
Malaga CF espagne
35%
Sheriff Tiraspol Moldavie
32%
La Gantoise Belgique
31%
TSG Hoffenheim allemagne
30%
Hapoël Tel-Aviv Israël
29%
FK Astana Kazakhstan
27%
Panathinaïkos Grèce
27%
FK Krasnodar Russie
25%
FC Twente pays-bas
24%
Qarabağ FK Azerbaïdjan
23%
Trabzonspor Turquie
23%
Viktoria Plzeň Rép. tchèque
22%
Ludogorets Razgrad Bulgarie
19%
CFR Cluj Roumanie
18%
Ferencváros TC Hongrie
17%
BATE Borissov Belarus
15%
Rubin Kazan Russie
15%
FK Rostov Russie
13%
NK Maribor Slovénie
11%
Bursaspor Turquie
6%
Nordsjælland Danemark
5%
MŠK Žilina Slovaquie
3%
Oţelul Galaţi Roumanie
2%
Aucun quiz correspondant
Distribution des résultats
% des personnes avec chaque résultat
Percentile par nombre de réponses
Votre historique - résultats
Vous n’avez pas pris ce quiz